Making Public Services Management Critical. (Record no. 348992)

000 -LEADER
fixed length control field 00394 a2200157 4500
020 ## - INTERNATIONAL STANDARD BOOK NUMBER
International Standard Book Number 9780415449984
022 ## - INTERNATIONAL STANDARD SERIAL NUMBER
International Standard Serial Number 0415449987
082 ## - DEWEY DECIMAL CLASSIFICATION NUMBER
Classification number 351
090 ## - LOCALLY ASSIGNED LC-TYPE CALL NUMBER (OCLC); LOCAL CALL NUMBER (RLIN)
-- 6641
-- 6641
100 ## - MAIN ENTRY--PERSONAL NAME
Personal name Currie,Graeme.
245 ## - TITLE STATEMENT
Title Making Public Services Management Critical.
Statement of responsibility, etc. Graeme Currie.
260 ## - PUBLICATION, DISTRIBUTION, ETC.
Place of publication, distribution, etc. New York
Name of publisher, distributor, etc. Routledge.
Date of publication, distribution, etc. 2009.
300 ## - PHYSICAL DESCRIPTION
Extent 273p.
500 ## - GENERAL NOTE
General note Hard cover
942 ## - ADDED ENTRY ELEMENTS (KOHA)
Institution code [OBSOLETE] NBS
Koha item type Book
Call number prefix 351 CUR
Holdings
Withdrawn status Lost status Damaged status Not for loan Permanent Location Current Location Date acquired Total Checkouts Full call number Barcode Date last seen Date last checked out Price effective from Koha item type
        Central Library (CL) Central Library (CL) 08/28/2013 1 351 CUR NBS8821 11/23/2017 08/18/2017 08/28/2013 Book
© 2023 Central Library, National University of Sciences and Technology. All Rights Reserved.